000 00480nam a2200157 i 4500
001 95413
003 ES-MaACL
005 20230906181712.0
007 t|
008 050527s1949 sp ||||1| spa d
100 1 _aLlabrés Bernal, Juan.
_972635
245 1 4 _aLos últimos supervivientes de Trafalgar /
_cJuan Llabrés.
260 _aPalma de Mallorca :
_b[s.n.],
_c1949 (
_fImp. Vda. de Fco. Soler)
300 _a16 p. :
_bil. ;
_c24 cm.
852 _aES-MaACL
_j1913-F-5
_bR.29545
999 _c95413
_d95413